| 000 | 01081nab a22002417a 4500 | ||
|---|---|---|---|
| 999 |
_c5730 _d5730 |
||
| 003 | OSt | ||
| 005 | 20260101184933.0 | ||
| 008 | 190514b xxu||||| |||| 00| 0 spa d | ||
| 040 | _cPJ | ||
| 100 |
_96650 _aMenossi, María Paula |
||
| 245 | 1 | 3 |
_aLa discapacidad como cuestión de derechos humanos. Hacia una igualdad inclusiva / _cMaría Paula Menossi. |
| 300 | _ap. 27-34 | ||
| 500 | _aTR LALEY AR/DOC/3259/2024. | ||
| 505 | _aSumario: I. Palabras introductorias.— II. Plataforma fáctica.— III. Análisis del fallo.— IV. Palabras finales. | ||
| 505 | _aFallo comentado: CNCiv., sala K ~ 08/07/2024 ~ N., V. s/ determinación de la capacidad. | ||
| 650 | 0 |
_92741 _aDERECHOS DE LAS NIÑAS, NIÑOS Y ADOLESCENTES |
|
| 650 | 0 |
_9967 _aDERECHO DE FAMILIA |
|
| 650 | 0 |
_9614 _aDERECHOS HUMANOS |
|
| 650 | 0 |
_93271 _aPERSONAS CON DISCAPACIDAD |
|
| 650 | 0 |
_91057 _aJURISPRUDENCIA APLICABLE |
|
| 773 | 0 |
_02844 _93222 _dBuenos Aires : AbeledoPerrot, 1989- _tDerecho de familia. Revista Interdisciplinaria de doctrina y jurisprudencia. Febrero 2025-I. _z18511201 |
|
| 942 |
_2udc _cANA |
||